000 00762nam a2200253 i 4500
001 8389
003 ES-MaACL
005 20250325091441.0
007 t|
008 920615s1992 sp ||||1| spa d
020 _a84-7954-063-X
080 _a271 Opus Dei
080 _a92 Escrivá de Balaguer, José María, beato
245 0 0 _aEscrivá de Balaguer ¿mito o santo? /
_cVarios autores.
250 _a[1ª ed.].
260 _aMadrid :
_bLibertarias/Prodhufi,
_c1992.
300 _a288 p. ;
_c20 cm.
490 1 _aTestimonio ;
_v5
600 0 4 _aJosemaría Escrivá de Balaguer,
_cSanto
_966981
610 2 7 _aOpus Dei.
_96035
830 0 _aTestimonio ;
_v5
_9178337
852 _aES-MaACL
_jL-15771
_bR.120452
999 _c8389
_d8389